000 00168nam a22000857a 4500
082 _a823
100 _aFLAINE RAPHAEL
245 _a2050VOYAGE OF THE STARSEEKER
942 _cBK
999 _c8203
_d8203